000 nam a22 a 4500
999 _c1691
_d1691
005 20170511124850.0
008 170511s1982 enk | 000 | eng d
020 _a434909009
040 _aAKMAL
082 _a331.88'01 JON
090 _a331.88'01
_bJON
100 1 _aJones, Jack.
_93477
245 _aA-Z of trade unionism and industrial relations
_cJack Jones and Max Morris.
260 _a London :
_b Heinemann
_c1982.
300 _ccm
650 0 _a Industrial relations
_x Dictionaries
_zGreat Britain
_93478
650 0 _a Labor unions
_x Dictionaries
_zGreat Britain
_93479
942 _2ddc
_cBOOK